000
00315nam a22001337a 4500
008
170830b xxu||||| |||| 00| 0 eng d
020
_a
2900205453558
041
_a
eng
080
_2
3RD
_a
070
100
_a
40
101
_a
MED
245
_a
BUSINESS AND PROFESSIONAL COMMUNICATION
_c
DISANZA,J.R
942
_2
udc
_c
BK
999
_c
25637
_d
25637